[Event "corr t-161"]
[Site "?"]
[Date "2004.??.??"]
[Round "?"]
[White "Zakharov, OYu"]
[Black "Michishin, AM."]
[Result "1-0"]
[WhiteElo "2150"]
[BlackElo "2305"]
[PlyCount "105"]
[EventDate "2004.??.??"]

1. e4 e5 2. Nf3 Nc6 3. Bb5 a6 4. Ba4 Nf6 5. O-O Be7 6. Re1 b5 7. Bb3 d6 8. c3
O-O 9. h3 Bb7 10. d4 Re8 11. Nbd2 Bf8 12. Bc2 g6 13. b3 Nb8 14. d5 Nbd7 15. a4
c6 16. axb5 axb5 17. Rxa8 Qxa8 18. c4 cxd5 19. cxd5 Rc8 20. Nf1 Qa2 21. Bd3 b4
22. Bg5 Nh5 23. Re2 Qa3 24. Bc4 Ba6 25. Ne3 Nc5 26. Nc2 Qa5 27. Bxa6 Nxa6 28.
Nce1 f5 29. exf5 gxf5 30. Nxe5 dxe5 31. d6 Nf4 32. d7 Rd8 33. Bxf4 exf4 34. Re8
Nb8 35. Qh5 Rxd7 36. Rxb8 Qe5 37. Re8 Qf6 38. Ra8 Qg6 39. Qh4 Rd1 40. Qe7 Qg7
41. Qxb4 f3 42. g3 Qf6 43. Kh2 Kg7 44. Ra7+ Kg6 45. Qb7 Qg7 46. Qc6+ Qf6 47.
Qe8+ Kh6 48. Rf7 Qd6 49. Nxf3 Bg7 50. Rxf5 Bd4 51. Qh5+ Kg7 52. Rf7+ Kg8 53.
Qxh7# {Time 45/173} 1-0

[Event "corr t-161"]
[Site "?"]
[Date "2004.??.??"]
[Round "?"]
[White "Voronin, OS."]
[Black "Zakharov, OYu"]
[Result "1/2-1/2"]
[WhiteElo "2345"]
[BlackElo "2150"]
[PlyCount "109"]
[EventDate "2004.??.??"]

1. e4 c5 2. c3 d5 3. exd5 Qxd5 4. d4 e6 5. Nf3 Nf6 6. Na3 Bd7 7. Nb5 Na6 8. c4
Qe4+ 9. Be2 Bxb5 10. cxb5 Nb4 11. O-O cxd4 12. Ng5 Qc2 13. a3 d3 14. Bf3 Nbd5
15. Bxd5 Nxd5 16. Qf3 Qc7 17. Qxd3 Bd6 18. h3 h6 19. Ne4 O-O 20. Nxd6 Qxd6 21.
Be3 Qe5 22. Bd4 Nf4 23. Bxe5 Nxd3 24. Bc3 Rfd8 25. Rfd1 Rd5 26. Rd2 Nf4 27.
Rxd5 exd5 28. Kf1 Ne6 29. Rd1 d4 30. Bd2 Rd8 31. b4 g5 32. a4 f5 33. g3 Kf7 34.
Rc1 Re8 35. Re1 Kf6 36. f4 Rc8 37. Ke2 gxf4 38. gxf4 Rc2 39. a5 Rb2 40. Kd3 b6
41. a6 h5 42. h4 Ra2 43. Rc1 Ra3+ 44. Kc4 Rf3 45. Kd5 Rf2 46. Rd1 Re2 47. Kd6
Rg2 48. Re1 Nf8 49. Bc1 Rc2 50. Kd5 d3 51. Rd1 Ne6 52. Bd2 Nc7+ 53. Kd4 Nxb5+
54. Kxd3 Rc6 55. Rg1 {Time 183/105} 1/2-1/2

[Event "corr t-161"]
[Site "?"]
[Date "2004.??.??"]
[Round "?"]
[White "Tsupko, BYu"]
[Black "Kovalsky, VV."]
[Result "1/2-1/2"]
[WhiteElo "2230"]
[BlackElo "2150"]
[PlyCount "151"]
[EventDate "2004.??.??"]

1. d4 d5 2. c4 e6 3. g3 dxc4 4. Bg2 c5 5. Nf3 Nc6 6. Qa4 Qb6 7. O-O Bd7 8. dxc5
Qxc5 9. Be3 Nd4 10. Bxd4 Bxa4 11. Bxc5 Bxc5 12. Nfd2 Bb5 13. Bxb7 Rb8 14. a4
Bd7 15. Ba6 Rxb2 16. Nxc4 Rb4 17. Nc3 Bd4 18. Rac1 Bxc3 19. Rxc3 Rxa4 20. Bb5
Bxb5 21. Nd6+ Ke7 22. Nxb5 a6 23. Rc7+ Kf6 24. Nc3 Ra3 25. Rc8 g6 26. Rd1 Kg7
27. Rdd8 Ra1+ 28. Kg2 Rc1 29. h4 Rc2 30. Kf3 Rc1 31. Ke3 h6 32. Kd2 Rf1 33. Nd1
Rh1 34. Rc7 g5 35. Rdd7 Nf6 36. Rxf7+ Kg6 37. Rg7+ Kh5 38. hxg5 hxg5 39. Nc3
Rd8+ 40. Kc2 Ne8 41. Rcd7 Nxg7 42. Rxd8 Ra1 43. f3 Kg6 44. g4 Ra5 45. Ne4 Kf7
46. Rd7+ Kg6 47. Ra7 Ne8 48. Re7 Ng7 49. Kd3 Ra3+ 50. Kd4 Ra4+ 51. Ke5 Ra2 52.
Nc3 Ra3 53. Rc7 Ra5+ 54. Kd4 e5+ 55. Kd3 Ne6 56. Rc6 Kf7 57. Ke4 Nd4 58. Rc7+
Ke6 59. e3 Kd6 60. Rg7 Ne6 61. Rg6 Rc5 62. Na4 Rb5 63. Nb2 a5 64. Nc4+ Ke7 65.
Nxe5 Rb6 66. Nc4 Ra6 67. Rg8 a4 68. Na3 Kf6 69. Rc8 Ra5 70. f4 Rc5 71. Ra8 gxf4
72. exf4 Rc1 73. Ra6 Kf7 74. Ra7+ Kf6 75. f5 Re1+ 76. Kf3 {Time 92/55} 1/2-1/2

[Event "corr t-161"]
[Site "?"]
[Date "2004.??.??"]
[Round "?"]
[White "Moiseev, SV."]
[Black "Michishin, AM."]
[Result "0-1"]
[WhiteElo "2250"]
[BlackElo "2305"]
[PlyCount "72"]
[EventDate "2004.??.??"]

1. d4 e6 2. c4 Nf6 3. Nc3 Bb4 4. Qc2 c5 5. dxc5 O-O 6. a3 Bxc5 7. Nf3 Qc7 8.
Bg5 Be7 9. e4 d6 10. Be2 Nbd7 11. O-O b6 12. Rfd1 Bb7 13. Bf4 a6 14. b4 Rac8
15. Qd3 e5 16. Bg5 b5 17. Nd2 Nb6 18. cxb5 Qxc3 19. Qxc3 Rxc3 20. bxa6 Ba8 21.
a4 d5 22. a5 Nbd7 23. b5 d4 24. Nb1 Rcc8 25. f3 Nc5 26. b6 Bc6 27. Bc4 Bd6 28.
Bxf6 gxf6 29. Nc3 dxc3 30. Rxd6 Ba4 31. Bd5 c2 32. b7 Rc7 33. Rb6 Kg7 34. Kf2
Rd8 35. Ke3 f5 36. exf5 36... Nxa6 {Time 61/147} 0-1

[Event "corr t-161"]
[Site "?"]
[Date "2004.??.??"]
[Round "?"]
[White "Michishin, AM."]
[Black "Susedenko, VI."]
[Result "0-1"]
[WhiteElo "2305"]
[BlackElo "2210"]
[PlyCount "114"]
[EventDate "2004.??.??"]

1. e4 e5 2. Nf3 Nc6 3. Bb5 a6 4. Ba4 Nf6 5. O-O Be7 6. Re1 b5 7. Bb3 O-O 8. c3
d6 9. h3 Na5 10. Bc2 c5 11. d4 Nc6 12. Nbd2 cxd4 13. cxd4 exd4 14. a3 Bb7 15.
Nb3 d5 16. e5 Ne4 17. Nfxd4 Nxd4 18. Nxd4 Rc8 19. Be3 Bc5 20. Rc1 Re8 21. f3
Ng3 22. Kh2 Qh4 23. Bf2 Qf4 24. Bxg3 Qxd4 25. Bf5 Qxb2 26. Bxc8 Rxc8 27. a4 b4
28. Kh1 d4 29. Qd3 Qa2 30. Rc2 Qxa4 31. Rec1 b3 32. Rb2 Bd5 33. Bf2 Be6 34. f4
g6 35. g4 Qd7 36. f5 Ba3 37. Rxc8+ Qxc8 38. Rd2 b2 39. fxe6 Qb7+ 40. Kh2 b1=Q
41. exf7+ Kxf7 42. Qxa3 Q1e4 43. Bxd4 Qf4+ 44. Qg3 Qxd2+ 45. Bf2 Ke6 46. h4
Qbb2 47. Kg2 a5 48. g5 Qxf2+ 49. Qxf2 Qxf2+ 50. Kxf2 a4 51. Kf3 a3 52. Kg4 a2
53. h5 a1=Q 54. hxg6 hxg6 55. Kh4 Qg1 56. Kh3 Kxe5 57. Kh4 57... Kf4 {
Time 166/57} 0-1

[Event "corr t-161"]
[Site "?"]
[Date "2004.??.??"]
[Round "?"]
[White "Michishin, AM."]
[Black "Kovalsky, VV."]
[Result "0-1"]
[WhiteElo "2305"]
[BlackElo "2150"]
[PlyCount "134"]
[EventDate "2004.??.??"]

1. e4 c5 2. Nf3 d6 3. d4 cxd4 4. Nxd4 Nf6 5. Nc3 a6 6. Be2 e5 7. Nb3 Be6 8. O-O
Be7 9. f4 Qc7 10. a4 Qc6 11. Bf3 Bxb3 12. cxb3 Qb6+ 13. Kh1 Nc6 14. Re1 Qd8 15.
Be3 exf4 16. Bxf4 Ne5 17. Be2 O-O 18. b4 Ng6 19. Bg3 Qd7 20. Qb3 Ne5 21. Rad1
Qe6 22. Qc2 Rac8 23. Qb1 Qb3 24. b5 a5 25. Rd2 Rfe8 26. Bd1 Qe6 27. b6 Bd8 28.
Nd5 Nc4 29. Rde2 Nxb6 30. b4 Qd7 31. Nxb6 Bxb6 32. Rd2 Rc4 33. Rxd6 Qxd6 34.
Bxd6 Nxe4 35. Bc5 Ng3+ 36. Kg1 Rxe1+ 37. Kf2 Rxb4 38. Qc2 Rxd1 39. Kxg3 Bc7+
40. Kh3 Rbb1 41. Be3 Bd8 42. Qe4 g5 43. Bd4 Re1 44. Qf5 Rbd1 45. Qd7 Bf6 46.
Qc8+ Kg7 47. Bxf6+ Kxf6 48. Qh8+ Ke7 49. Qxh7 Re5 50. Qc2 Rd7 51. Qc3 Red5 52.
g3 f6 53. Kg4 b5 54. axb5 Rxb5 55. Kh5 Kf7 56. Qc4+ Rbd5 57. Kh6 R7d6 58. h3
Rd8 59. Kh7 f5 60. Qc3 R8d7 61. Kh6 f4 62. Qg7+ Ke8 63. Qg8+ Ke7 64. Qg7+ Kd6
65. Qf8+ Kc7 66. gxf4 R7d6+ 67. Kg7 $2 (67. Kh5 $5 $11 {Kovalsky,V}) 67... Rb6
{Time 219/68} 0-1

[Event "corr t-161"]
[Site "?"]
[Date "2004.??.??"]
[Round "?"]
[White "Voronin, OS."]
[Black "Bayda, VP."]
[Result "1/2-1/2"]
[WhiteElo "2345"]
[BlackElo "2160"]
[PlyCount "128"]
[EventDate "2004.??.??"]

1. e4 d6 2. d4 Nf6 3. Nc3 g6 4. Nf3 Bg7 5. h3 c6 6. Bg5 O-O 7. Qd2 b5 8. a3 Bb7
9. Bd3 Re8 10. O-O Nfd7 11. Rae1 a6 12. Ne2 c5 13. c3 c4 14. Bc2 Qc7 15. Nh2
Nf6 16. Ng3 Nbd7 17. Bh6 Rf8 18. Bxg7 Kxg7 19. f4 Ng8 20. Ng4 e5 21. Rd1 Ndf6
22. Nxf6 Nxf6 23. fxe5 dxe5 24. d5 Qb6+ 25. Kh2 h6 26. Rf3 Rad8 27. Nf1 Qd6 28.
Ne3 Bc8 29. Rdf1 Nh7 30. Qf2 Qe7 31. h4 Rd6 32. g4 f6 33. Qg3 Bd7 34. Rg1 Rg8
35. Qf2 Rc8 36. Bd1 Rc7 37. Be2 Qe8 38. a4 Qc8 39. Qf1 Rb7 40. Rg2 Rc7 41. a5
Qd8 42. Kg1 Bc8 43. Rfg3 Rf7 44. Qa1 Rb7 45. Bxc4 bxc4 46. Nxc4 g5 47. h5 f5
48. Qa3 Rf6 49. gxf5 Bxf5 50. exf5 Qxd5 51. Ne3 Qe4 52. c4 Rc6 53. Ng4 Rxc4 54.
f6+ Nxf6 55. Nxf6 Rc1+ 56. Kh2 Qh4+ 57. Rh3 Qf4+ 58. Rhg3 Qxf6 59. Rf3 Qe7 60.
Qxe7+ Rxe7 61. Rd2 e4 62. Rf5 Re1 63. Rd6 Rb7 64. Rg6+ 64... Kh7 {Time 239/98}
1/2-1/2

[Event "corr t-161"]
[Site "?"]
[Date "2004.??.??"]
[Round "?"]
[White "Susedenko, VI."]
[Black "Bayda, VP."]
[Result "1/2-1/2"]
[WhiteElo "2210"]
[BlackElo "2160"]
[PlyCount "140"]
[EventDate "2004.??.??"]

1. d4 Nf6 2. c4 d5 3. cxd5 Nxd5 4. Nf3 c6 5. e4 Nf6 6. Nc3 g6 7. h3 Bg7 8. Bc4
O-O 9. a4 a5 10. O-O Na6 11. Be3 Nb4 12. Qe2 e6 13. Bg5 Qb6 14. Rad1 Re8 15.
Rfe1 Qc7 16. b3 h6 17. Be3 Kh7 18. Qd2 Ng8 19. Bf4 Qe7 20. d5 e5 21. d6 Qd7 22.
Be3 Nf6 23. Rc1 Nh5 24. Red1 Nf6 25. Bb6 Bf8 26. Qe1 Nh5 27. Ne2 f6 28. Bxa5
Na6 29. b4 Nb8 30. Qd2 Ng7 31. Nc3 Ne6 32. Bb6 Nf4 33. Ne1 h5 34. a5 Bh6 35.
Be3 Qg7 36. Na4 Nd7 37. b5 g5 38. bxc6 bxc6 39. Nb6 Nxb6 40. axb6 Rd8 41. Ra1
Rb8 42. f3 g4 43. hxg4 hxg4 44. Ra7 Bd7 45. Qf2 g3 46. Qd2 Bg5 47. Bxf4 Bxf4
48. Qc3 Rxb6 49. Be6 Kh8 50. Rda1 Rbb8 51. Kf1 Qh6 52. Rxd7 Rxd7 53. Bxd7 Bd2
54. Qc5 Be3 55. Qa3 Bd4 56. Be6 Bxa1 57. Qxa1 Qe3 58. Qa2 Kg7 59. Qe2 Qd4 60.
d7 Kf8 61. Qa2 Ke7 62. Bf5 Rb3 63. Bh3 c5 64. f4 exf4 65. Bg4 c4 66. Bf5 Rb8
67. Qa3+ Kf7 68. Qf3 c3 69. Qxf4 Qc4+ 70. Kg1 70... Qd4+ {Time 94/117} 1/2-1/2

[Event "corr t-161"]
[Site "?"]
[Date "2004.??.??"]
[Round "?"]
[White "Tesel'ko, VL."]
[Black "Michishin, AM."]
[Result "1-0"]
[WhiteElo "2230"]
[BlackElo "2305"]
[PlyCount "113"]
[EventDate "2004.??.??"]

1. Nf3 Nf6 2. g3 d5 3. Bg2 Bf5 4. O-O c6 5. d3 Nbd7 6. Nbd2 e6 7. Qe1 Be7 8. e4
dxe4 9. dxe4 Bg6 10. Nh4 Bh5 11. Nhf3 O-O 12. Nc4 Nc5 13. Nfe5 Nfd7 14. Be3 f6
15. Nxd7 Qxd7 16. b4 Na6 17. a3 e5 18. f3 Nc7 19. Qf2 Qe6 20. Nb2 b6 21. Rfd1
Rad8 22. Bf1 Qc8 23. Bc4+ Kh8 24. g4 Bg6 25. h3 Ne6 26. Rd3 Rxd3 27. Nxd3 Rd8
28. Rd1 Nd4 29. Nb2 c5 30. c3 cxb4 31. cxb4 a5 32. Bxd4 exd4 33. Rxd4 axb4 34.
axb4 Bxb4 35. Nd3 Bc3 36. Rxd8+ Qxd8 37. Kg2 Be8 38. Bd5 b5 39. Qc5 Bd7 40.
Qxc3 h5 41. Qa1 Bc6 42. Nf4 Bxd5 43. Qd4 Qc7 44. Nxd5 Qc1 45. Nxf6 Qc2+ 46. Kg3
Qc7+ 47. f4 h4+ 48. Kxh4 gxf6 49. Qxf6+ Qg7 50. Qd6 Qb7 51. Qf8+ Kh7 52. Qb4
Qb6 53. g5 Qc7 54. e5 Qc4 55. Qe7+ Kg8 56. Kg4 b4 57. Kf5 {Time 129/153} 1-0

[Event "corr t-161"]
[Site "?"]
[Date "2004.??.??"]
[Round "?"]
[White "Kochan, IM."]
[Black "Tesel'ko, VL."]
[Result "1-0"]
[WhiteElo "2175"]
[BlackElo "2205"]
[PlyCount "103"]
[EventDate "2004.??.??"]

1. e4 c5 2. Nf3 Nf6 3. Nc3 d5 4. exd5 Nxd5 5. Bb5+ Bd7 6. Ne5 Nf6 7. Qf3 Qc8 8.
Nxd7 Nbxd7 9. O-O e6 10. Re1 Bd6 11. d3 Qc7 12. h3 O-O 13. Bg5 a6 14. Bxd7 Nxd7
15. Re4 h6 16. Be3 Rfd8 17. Re1 b6 18. Ra4 Ne5 19. Qh5 Ng6 20. Re4 Bf4 21. Bxf4
Nxf4 22. Qf3 Nd5 23. Nxd5 Rxd5 24. Rg4 Kh8 25. Ra4 Ra7 26. Rf4 Kg8 27. a4 Re5
28. Ree4 Rxe4 29. Rxe4 Qc6 30. Qg3 Rd7 31. Rg4 f5 32. Rh4 Kh7 33. Qe3 Rd5 34.
Rf4 g5 35. Rf3 Rd4 36. b3 Qd6 37. Qe2 f4 38. c3 Rd5 39. Qe4+ Kg7 40. c4 Rd4 41.
Qb7+ Kf6 42. Qxa6 Rxd3 43. Rxd3 Qxd3 44. Qxb6 Qd1+ 45. Kh2 Qd4 46. f3 h5 47. a5
g4 48. hxg4 hxg4 49. fxg4 f3 50. Qb8 f2 51. Qf8+ Kg5 52. g3 1-0

[Event "corr t-161"]
[Site "?"]
[Date "2004.??.??"]
[Round "?"]
[White "Kochan, IM."]
[Black "Michishin, AM."]
[Result "1-0"]
[WhiteElo "2175"]
[BlackElo "2305"]
[PlyCount "91"]
[EventDate "2004.??.??"]

1. e4 e5 2. Nf3 Nc6 3. Bb5 a6 4. Ba4 Nf6 5. O-O Be7 6. Re1 b5 7. Bb3 d6 8. c3
O-O 9. h3 Bb7 10. d4 Re8 11. a4 h6 12. Nbd2 Bf8 13. Bc2 Rb8 14. Nf1 exd4 15.
cxd4 Nb4 16. Ng3 Nxc2 17. Qxc2 d5 18. axb5 axb5 19. e5 Ne4 20. Bf4 Re6 21. Rec1
Rc6 22. Qd1 Rc8 23. Ra7 Rb6 24. Nf5 Qd7 25. N3h4 Kh7 26. f3 Ng5 27. Bg3 b4 28.
Rca1 Qe6 29. Bf2 g6 30. Ne3 c5 31. Ng4 cxd4 32. Bxd4 Bc5 33. Bxc5 Rxc5 34. Nf6+
Kg7 35. Qd3 b3 36. Qe3 Rbb5 37. Rxb7 Rxb7 38. Qxc5 Qxe5 39. Nxd5 Qxb2 40. Ra8
h5 41. Qc8 Kh6 42. Qxb7 Qd4+ 43. Kh2 Qxh4 44. Qxb3 Nxh3 45. g3 Qd4 46. Kxh3 {
Time 92/155} 1-0

[Event "corr t-161"]
[Site "?"]
[Date "2004.??.??"]
[Round "?"]
[White "Kochan, IM."]
[Black "Susedenko, VI."]
[Result "0-1"]
[WhiteElo "2175"]
[BlackElo "2210"]
[PlyCount "98"]
[EventDate "2004.??.??"]

1. e4 c5 2. Nf3 d6 3. d4 cxd4 4. Nxd4 Nf6 5. Nc3 e6 6. Be2 Be7 7. Be3 Nc6 8.
O-O O-O 9. f4 Qc7 10. Kh1 Re8 11. Rc1 Nxd4 12. Bxd4 Bd7 13. Nb5 Bxb5 14. Bxb5
Red8 15. Qf3 d5 16. e5 Ne4 17. Rfd1 Bc5 18. c4 Bxd4 19. Rxd4 a6 20. Ba4 b5 21.
Bc2 bxc4 22. Bxe4 dxe4 23. Qxe4 Rxd4 24. Qxa8+ Qd8 25. Qxd8+ Rxd8 26. Kg1 Rd4
27. b3 Rxf4 28. Rxc4 Rxc4 29. bxc4 f6 30. Kf2 Kf7 31. Ke3 Ke7 32. h4 Kd7 33.
Ke4 f5+ 34. Kd4 Kc6 35. h5 g6 36. h6 g5 37. a3 g4 38. a4 Kb6 39. g3 a5 40. Ke3
Kc5 41. Kd3 Kb4 42. Kd4 Kxa4 43. Kc5 f4 44. gxf4 g3 45. Kd6 g2 46. c5 g1=Q 47.
c6 Qd4+ 48. Kxe6 Qxf4 49. c7 49... Kb5 {Time 136/69} 0-1

[Event "corr t-161"]
[Site "?"]
[Date "2004.??.??"]
[Round "?"]
[White "Tsupko, BYu"]
[Black "Michishin, AM."]
[Result "1-0"]
[WhiteElo "2230"]
[BlackElo "2305"]
[PlyCount "119"]
[EventDate "2004.??.??"]

1. d4 Nf6 2. c4 e6 3. g3 d5 4. Bg2 Be7 5. Nf3 Nbd7 6. O-O c6 7. Qc2 O-O 8. Nbd2
b6 9. e4 Bb7 10. Rd1 Rc8 11. b3 Qc7 12. Bb2 Rfd8 13. Rac1 Qb8 14. e5 Ne8 15.
Re1 c5 16. Ba3 Nc7 17. Bf1 Na6 18. Bd3 Nf8 19. Qb2 Nb4 20. Bxb4 cxb4 21. Re3
Qc7 22. Rc2 Qd7 23. Qb1 Qe8 24. Re1 f5 25. exf6 gxf6 26. cxd5 Qh5 27. Bc4 a6
28. Be2 Qxd5 29. Rxc8 Rxc8 30. Bc4 Qd7 31. Qf5 b5 32. Qg4+ Kf7 33. Bd3 Rc3 34.
Be4 Bc8 35. Bb1 Qc7 36. d5 exd5 37. Qh5+ Kg7 38. Qxd5 Bc5 39. Ne4 Rxf3 40. Qxc5
Qxc5 41. Nxc5 Rc3 42. Re7+ Kh6 43. Rc7 Nd7 44. Ne6 Rxc7 45. Nxc7 Ne5 46. Kf1
Nf3 47. Ke2 Nxh2 48. Ne8 Ng4 49. f3 Bd7 50. Nc7 Ne5 51. Nxa6 f5 52. Nxb4 Kg6
53. Bc2 Kf6 54. f4 Ng6 55. a4 bxa4 56. bxa4 h5 57. a5 h4 58. gxh4 Nxf4+ 59. Ke3
Ne6 60. a6 {Prisudzennia. Time 85/166} (60. a6 Bc8 (60... Nc7 61. a7 Bc8 62.
Ba4 Bb7 63. Bc6 Bxc6 64. Nxc6 Kg6 65. Nd4 {  Nd4xf5.}) 61. Bd1 f4+ 62. Kf2 Nd4
63. Nd5+ Ke5 64. a7 Bb7 65. Nb6 $18 {Tsupko}) 1-0

[Event "corr t-161"]
[Site "?"]
[Date "2004.??.??"]
[Round "?"]
[White "Michishin, AM."]
[Black "Voronin, OS."]
[Result "0-1"]
[WhiteElo "2305"]
[BlackElo "2345"]
[PlyCount "96"]
[EventDate "2004.??.??"]

1. Nf3 d5 2. c4 c6 3. cxd5 cxd5 4. d4 Nf6 5. Nc3 Nc6 6. Bf4 Bf5 7. e3 e6 8. Ne5
Nd7 9. Nxc6 bxc6 10. Ba6 Qb6 11. Qe2 f6 12. O-O e5 13. Bg3 Rb8 14. Na4 Qa5 15.
b3 Ba3 16. f3 O-O 17. e4 Bg6 18. Rfd1 Bf7 19. Rd2 Rbe8 20. Rc2 dxe4 21. fxe4
exd4 22. Rd1 Nc5 23. Nxc5 Bxc5 24. Bd3 f5 25. e5 Bd5 26. Rdc1 Ba3 27. Rf1 g6
28. Bf4 Rf7 29. Qf2 Qb6 30. Kh1 Bf8 31. Re1 c5 32. h4 Qd8 33. Bg5 Qb6 34. Qg3
Re6 35. Rec1 Qb8 36. Bf4 Kh8 37. h5 Be7 38. Qh3 g5 39. Bxf5 g4 40. Qxg4 Qf8 41.
Bxe6 Rxf4 42. Qh3 Rh4 43. Qxh4 Bxh4 44. Bxd5 d3 45. Rc3 d2 46. Rd1 Qf2 47. Rf3
Qe1+ 48. Rf1 48... Qe3 {Time 155/130} (48... Qe3 49. Rf3 (49. e6 Bg5 50. Rf3
Qe1+ 51. Rf1 Qh4+ 52. Kg1 52... Be3+ $19) (49. Bf7 Bg5 50. e6 50... Qg3 $19) (
49. Rf8+ Kg7 50. Rdf1 50... Qe1 $19) 49... Qxe5 50. h6 Be7 51. Rdf1 Qxd5 52.
Rf8+ Bxf8 53. Rxf8+ 53... Qg8 $19 {Voronin}) 0-1

[Event "corr t-161"]
[Site "?"]
[Date "2004.??.??"]
[Round "?"]
[White "Andryuschenko, MM."]
[Black "Michishin, AM."]
[Result "1-0"]
[WhiteElo "2205"]
[BlackElo "2305"]
[PlyCount "99"]
[EventDate "2004.??.??"]

1. e4 e5 2. Nf3 Nc6 3. d4 exd4 4. Nxd4 Nf6 5. Nxc6 bxc6 6. e5 Qe7 7. Qe2 Nd5 8.
c4 Ba6 9. b3 O-O-O 10. g3 Re8 11. Bb2 f6 12. Bg2 fxe5 13. Nd2 Qf7 14. O-O-O Bb4
15. Ne4 Qe7 16. Qc2 Nf6 17. Nxf6 gxf6 18. Qf5 Bb7 19. Rd3 Qe6 20. Bh3 h5 21.
Rxd7 Qxf5 22. Bxf5 Kb8 23. Rf7 Ref8 24. Rxf8+ Rxf8 25. Rd1 c5 26. a3 Ba5 27.
Kc2 Bf3 28. Rd3 Bg4 29. Bg6 Rg8 30. Bh7 Rh8 31. Be4 Be1 32. f3 Bc8 33. f4 exf4
34. gxf4 Bh4 35. Bc3 Re8 36. Bg6 Rg8 37. f5 Bg5 38. Be1 h4 39. Bf2 Bb7 40. Kc3
Be4 41. Rd7 Kc8 42. Re7 Bb1 43. Re1 Rxg6 44. fxg6 Bxg6 45. Be3 Bxe3 46. Rxe3
Kd7 47. Rh3 Ke6 48. Rxh4 Ke5 49. Rh8 Kf4 50. Rc8 1-0